Central Library OPAC University of Rajshahi

Early disposal of court cases : (Record no. 59679)

MARC details
000 -LEADER
fixed length control field 00899nam a2200265 a 4500
001 - CONTROL NUMBER
control field 59679
003 - CONTROL NUMBER IDENTIFIER
rucl marc code BD-RjUL
005 - DATE AND TIME OF LATEST TRANSACTION
control field 20211209080746.0
008 - FIXED-LENGTH DATA ELEMENTS--GENERAL INFORMATION
fixed length control field 161226s1996 ii b 00100 eng d
020 ## - INTERNATIONAL STANDARD BOOK NUMBER
International Standard Book Number 8171008372
035 ## - SYSTEM CONTROL NUMBER
System control number (BD-RjUL)59803
System control number 1364455
040 ## - CATALOGING SOURCE
Original cataloging agency ANL
Language of cataloging eng
Transcribing agency ANL
041 ## - LANGUAGE CODE
Language code of text/sound track or separate title eng
082 04 - DEWEY DECIMAL CLASSIFICATION NUMBER
Classification number 347.0950954
Author mark and year MAE 1996
100 1# - MAIN ENTRY--PERSONAL NAME
Personal name Mathur, Virendra Kumar.
9 (RLIN) 177599
245 10 - TITLE STATEMENT
Title Early disposal of court cases :
Remainder of title simplification of procedure, bottlenecks, role of bar and judiciary /
Statement of responsibility, etc. V.K. Mathur.
260 ## - PUBLICATION, DISTRIBUTION, ETC. (IMPRINT)
Place of publication, distribution, etc. New Delhi,
Name of publisher, distributor, etc. Deep & Deep Publicaations,
Date of publication, distribution, etc. c1996.
300 ## - PHYSICAL DESCRIPTION
Pagination xiv, 331 p. ;
Size 23 cm.
504 ## - BIBLIOGRAPHY, ETC. NOTE
Bibliography, etc Includes bibliographical references (p. [323]-327) and index.
650 #0 - SUBJECT ADDED ENTRY--TOPICAL TERM
Topical term or geographic name as entry element Court congestion and delay
Geographic subdivision India
9 (RLIN) 177600
Topical term or geographic name as entry element Court congestion and delay.
9 (RLIN) 177601
Topical term or geographic name as entry element Justice, Administration of
Geographic subdivision India.
9 (RLIN) 177602
942 ## - ADDED ENTRY ELEMENTS (KOHA)
Source of classification or shelving scheme Dewey Decimal Classification
Koha item type Books
Holdings
Lost status Source of classification or shelving scheme Damaged status Not for loan Collection code Permanent Location Current Location Shelving location Date acquired Source of acquisition Cost, normal purchase price Total Checkouts Full call number Date last seen Copy number Koha item type
  Dewey Decimal Classification   Not For Loan Non-fiction Central Library, University of Rajshahi Central Library, University of Rajshahi Reading Room 30/03/2000 Lucky Syndicate 520.00   347.0950954 MAE 1996 26/12/2016 C-1 Books